000
00330nam a2200133Ia 4500
008
191206s9999 xx 000 0 und d
020
_a
9.78193E+12
090
_a
PR6057.R2
245
0
_a
Murder at Madingley Grange
260
_a
Felony & Mayhem Press
260
_c
c2009
300
_a
290 p. ; 20 cm.
999
_c
16527
_d
16527